[Event "Grenzturnering 2016-2017"]
[Site "Sonder Sejerslev"]
[Date "2016.10.20"]
[Round "1"]
[White "Palm, Eivind"]
[Black "Jensen, Jacob"]
[Result "1-0"]
[WhiteElo "1787"]
[BlackElo "1842"]
[PlyCount "95"]
[EventDate "2016.??.??"]

1. Nf3 d6 2. d4 Nf6 3. g3 b6 4. Bg2 Bb7 5. O-O Nbd7 6. c4 g6 7. Nc3 Bg7 8. b4
a5 9. b5 O-O 10. Bb2 c5 11. bxc6 Bxc6 12. Re1 e5 13. dxe5 Nxe5 14. Nxe5 Bxg2
15. Nxf7 Rxf7 16. Kxg2 Ng4 17. Rf1 Rxf2+ 18. Kg1 Rg2+ 19. Kxg2 Ne3+ 20. Kg1
Nxd1 21. Raxd1 Qe7 22. Nd5 Qxe2 23. Bxg7 Kxg7 24. Rde1 Qxc4 25. Re7+ Kh6 26.
Ne3 Qd4 27. Rff7 Rh8 28. h4 Qa1+ 29. Kg2 Qxa2+ 30. Kh3 Qxf7 31. Rxf7 g5 32.
Rf6+ Kg7 33. hxg5 Rb8 34. Nf5+ Kg8 35. Rxd6 a4 36. Ne7+ Kf7 37. Nc6 Rc8 38.
Ne5+ Ke7 39. Rxb6 Ra8 40. Rb2 Kd6 41. Nc4+ Kc5 42. Na3 Kd4 43. Rb7 Kc3 44. Kh4
Ra6 45. Kh5 Re6 46. Nb5+ Kc4 47. Na3+ Kd3 48. Rxh7 1-0

[Event "Grenzturnering 2016-2017"]
[Site "Flensburg"]
[Date "2016.09.27"]
[Round "1"]
[White "Jensen, Scot Wolfgang"]
[Black "Thieme, Daniel Otis"]
[Result "0-1"]
[WhiteElo "1578"]
[BlackElo "1908"]
[PlyCount "90"]
[EventDate "2016.??.??"]

1. e4 c5 2. Nc3 Nc6 3. Nf3 d6 4. h3 g6 5. Bc4 Bg7 6. d3 a6 7. a3 e6 8. Bd2 Nge7
9. Qc1 d5 10. Ba2 Nd4 11. Nxd4 cxd4 12. Ne2 dxe4 13. Bh6 Bxh6 14. Qxh6 Nf5 15.
Qf4 exd3 16. cxd3 Qa5+ 17. b4 Qxa3 18. O-O Qxd3 19. Ng3 Nxg3 20. fxg3 Qe3+ 21.
Kh2 Qxf4 22. Rxf4 Bd7 23. Rxd4 Rd8 24. Rad1 Ke7 25. Rf4 Bc6 26. Rdf1 Rhe8 27.
R1f2 Bd5 28. Bb1 Rc8 29. Bd3 Rc3 30. Bf1 f5 31. Rd4 Rd8 32. Rfd2 Rd7 33. b5 a5
34. Be2 b6 35. Bf3 Rc5 36. Be2 e5 37. Ra4 Bb3 38. Rxd7+ Kxd7 39. Ra3 a4 40. Ra1
Rd5 41. Rc1 Rd2 42. Bc4 Bxc4 43. Rxc4 a3 44. Ra4 a2 45. h4 Kd6 0-1

[Event "Grenzturnering 2016-2017"]
[Site "Flensburg"]
[Date "2016.09.27"]
[Round "1"]
[White "Jensen, Jens Peter"]
[Black "Millgramm, Stephan"]
[Result "0-1"]
[WhiteElo "1325"]
[BlackElo "1800"]
[PlyCount "56"]
[EventDate "2016.??.??"]

1. e4 c5 2. Bc4 e6 3. Nc3 Nc6 4. a3 a6 5. a4 g6 6. d3 Bg7 7. Nge2 Nge7 8. O-O
O-O 9. f4 d5 10. exd5 exd5 11. Ba2 Rb8 12. Bd2 b5 13. axb5 axb5 14. Rb1 b4 15.
Na4 Qa5 16. b3 Qb5 17. Be3 d4 18. Bf2 Ra8 19. Ng3 f5 20. Rb2 Nd5 21. Ne2 Ne3
22. Bxe3 dxe3 23. c4 Qa5 24. Rb1 Nd4 25. Nxd4 Bxd4 26. Qe2 Bd7 27. Kh1 Bxa4 28.
Qf3 Be8 0-1

[Event "Grenzturnering 2016-2017"]
[Site "Oster Hojst"]
[Date "2017.02.28"]
[Round "1"]
[White "Madsen, Nis H"]
[Black "Lindgaard, Tobias Simon"]
[Result "1-0"]
[WhiteElo "1500"]
[BlackElo "1462"]
[PlyCount "57"]
[EventDate "2016.??.??"]

1. e4 Nc6 2. d4 e5 3. d5 Nce7 4. Bc4 d6 5. Bg5 f6 6. Bh4 Nh6 7. h3 Ng6 8. Bg3
f5 9. exf5 Nxf5 10. Nf3 Be7 11. O-O O-O 12. Nbd2 Kh8 13. Ne4 Nfh4 14. Nxh4 Bxh4
15. Bd3 Nf4 16. Bxf4 exf4 17. Qh5 g6 18. Qf3 Bf5 19. Rae1 Bg5 20. c4 Bf6 21. b3
Bg7 22. Qxf4 Bxh3 23. Qg3 Bd7 24. Ng5 a5 25. Bxg6 Bf6 26. Qh4 Rf7 27. Nxf7+ Kg8
28. Qxh7+ Kf8 29. Nxd8 1-0

[Event "Grenzturnering 2016-2017"]
[Site "Flensburg"]
[Date "2016.09.27"]
[Round "1"]
[White "Kristensen, Karl Martin"]
[Black "Heinemann, Guido"]
[Result "0-1"]
[WhiteElo "1108"]
[BlackElo "1817"]
[PlyCount "68"]
[EventDate "2016.??.??"]

1. c4 e6 2. Nc3 b6 3. e4 Bb7 4. d3 g6 5. Be3 Bg7 6. Nf3 Ne7 7. Be2 O-O 8. O-O
d5 9. cxd5 exd5 10. Bd4 f6 11. Qb3 Kh8 12. e5 Nd7 13. exf6 Nxf6 14. Ng5 Qd7 15.
f4 h6 16. Nf3 Nf5 17. Bf2 Ng4 18. Nd1 Rae8 19. Re1 Nxf2 20. Nxf2 Nd4 21. Nxd4
Bxd4 22. Bf3 Rxe1+ 23. Rxe1 Re8 24. Re2 Rxe2 25. Bxe2 Qe6 26. Kf1 Qe3 27. Nh3
Bc8 28. g4 Qxh3+ 29. Ke1 Qh4+ 30. Kd1 Bxg4 31. Qxd5 Bxe2+ 32. Kxe2 Qf2+ 33. Kd1
Qf1+ 34. Kc2 Qe2+ 0-1

[Event "Grenzturnering 2016-2017"]
[Site "Flensburg"]
[Date "2016.??.??"]
[Round "1"]
[White "Soerensen, Helge"]
[Black "Falsig, Niels"]
[Result "1/2-1/2"]
[WhiteElo "1670"]
[BlackElo "1705"]
[PlyCount "58"]
[EventDate "2016.??.??"]

1. e4 d5 2. exd5 Nf6 3. Nf3 Nxd5 4. d4 g6 5. c4 Nf6 6. h3 Bg7 7. Bd3 c5 8. dxc5
Qa5+ 9. Nc3 Qxc5 10. Be3 Qa5 11. O-O O-O 12. Qc2 Nc6 13. a3 a6 14. b4 Qc7 15.
Rac1 Ne5 16. Nxe5 Qxe5 17. Rfe1 Qc7 18. Bc5 Re8 19. Na4 Be6 20. Bb6 Qc6 21. Be2
Bd7 22. Bd1 Bf5 23. Qb3 Be4 24. f3 Bf5 25. Bc5 Qc7 26. Bc2 b5 27. cxb5 axb5 28.
Nc3 Be6 29. Nxb5 Qg3 1/2-1/2

[Event "Grenzturnering 2016-2017"]
[Site "Flensburg"]
[Date "2016.11.08"]
[Round "1"]
[White "Martens, Holger"]
[Black "Langner, Michel"]
[Result "0-1"]
[WhiteElo "1817"]
[BlackElo "1846"]
[PlyCount "60"]
[EventDate "2016.??.??"]

1. f4 d5 2. b3 Bf5 3. Nf3 e6 4. e3 Nd7 5. Be2 h6 6. Bb2 Ngf6 7. d3 Bb4+ 8. Bc3
Bc5 9. Bd4 Be7 10. h3 c5 11. Bb2 Qb6 12. Qd2 Rg8 13. Na3 a5 14. O-O g5 15. fxg5
hxg5 16. Nxg5 Rxg5 17. e4 c4+ 18. Kh1 Nxe4 19. dxe4 Bxe4 20. Bf3 Bxf3 21. Rxf3
cxb3 22. cxb3 Nc5 23. Raf1 Ne4 24. Qf4 Rf5 25. Qc1 Rxf3 26. Rxf3 Nf2+ 27. Kh2
Bd6+ 28. g3 Ne4 29. Nb1 Nxg3 30. Kg2 Nf5 0-1

[Event "Grenzturnering 2016-2017"]
[Site "Tonder"]
[Date "2016.10.24"]
[Round "2"]
[White "Palm, Eivind"]
[Black "Jensen, Scot Wolfgang"]
[Result "1-0"]
[WhiteElo "1787"]
[BlackElo "1578"]
[PlyCount "55"]
[EventDate "2016.??.??"]

1. Nf3 d6 2. d4 Nf6 3. g3 c6 4. Bg2 Nbd7 5. c4 h6 6. Nc3 e6 7. O-O Be7 8. e4 e5
9. Re1 a6 10. b3 Qc7 11. Bb2 b5 12. Rc1 b4 13. Na4 Bb7 14. dxe5 dxe5 15. c5 Rd8
16. Qc2 g5 17. Red1 g4 18. Nh4 Nh5 19. Nf5 Bf6 20. Qc4 Rh7 21. Rd6 Bg5 22. Rcd1
f6 23. Qg8+ Nf8 24. Rxd8+ Qxd8 25. Rxd8+ Kxd8 26. Qxf8+ Kc7 27. Qd6+ Kc8 28.
Nb6# 1-0

[Event "Grenzturnering 2016-2017"]
[Site "Tonder"]
[Date "2016.10.24"]
[Round "2"]
[White "Millgramm, Stephan"]
[Black "Madsen, Nis H"]
[Result "1/2-1/2"]
[WhiteElo "1800"]
[BlackElo "1500"]
[PlyCount "89"]
[EventDate "2016.??.??"]

1. e4 e5 2. Nf3 Nc6 3. Bb5 d6 4. d3 Bg4 5. h3 Be6 6. c4 Be7 7. Nc3 Nf6 8. Nd5
O-O 9. Nxe7+ Nxe7 10. Bg5 Ng6 11. Nh4 c6 12. Ba4 Qa5+ 13. Bd2 Qb6 14. Nf3 d5
15. cxd5 cxd5 16. Qe2 dxe4 17. dxe4 Rac8 18. b3 Rc2 19. Qd3 Qc7 20. O-O Rd8 21.
Qe3 a6 22. b4 Rxa2 23. Rxa2 Bxa2 24. Rc1 Qd6 25. Bc3 b5 26. Bc2 Qc7 27. Bd3 Bc4
28. Bxc4 Qxc4 29. Nd2 Qa2 30. Ra1 Qc2 31. Rxa6 Rd3 32. Ra8+ Nf8 33. Rxf8+ Kxf8
34. Qc5+ Ke8 35. Qxe5+ Kd8 36. Qb8+ Ke7 37. Qe5+ Kd7 38. Qxb5+ Ke7 39. Qe5+ Kd7
40. Qb5+ Kd8 41. Qb8+ Ke7 42. Qe5+ Kf8 43. Qc5+ Ke8 44. Qe5+ Kd7 45. Qb5+
1/2-1/2

[Event "Grenzturnering 2016-2017"]
[Site "Tonder"]
[Date "2016.10.24"]
[Round "2"]
[White "Falsig, Niels"]
[Black "Martens, Holger"]
[Result "1-0"]
[WhiteElo "1705"]
[BlackElo "1817"]
[PlyCount "45"]
[EventDate "2016.??.??"]

1. d4 Nf6 2. Nf3 e6 3. c4 c5 4. d5 Be7 5. Nc3 d6 6. e4 O-O 7. Bd3 exd5 8. exd5
Bg4 9. O-O Nbd7 10. Be2 Re8 11. Qc2 Bf8 12. Bg5 Ne5 13. Nxe5 Bxe2 14. Nxf7 Qe7
15. Nxd6 Bxf1 16. Nxe8 Bxc4 17. Nxf6+ gxf6 18. Bf4 Re8 19. Qd2 Ba6 20. d6 Qd7
21. Qd5+ Qe6 22. Qxe6+ Rxe6 23. d7 1-0

[Event "Grenzturnering 2016-2017"]
[Site "Tonder"]
[Date "2016.10.24"]
[Round "2"]
[White "Kristensen, Karl Martin"]
[Black "Soerensen, Helge"]
[Result "0-1"]
[WhiteElo "1108"]
[BlackElo "1670"]
[PlyCount "90"]
[EventDate "2016.??.??"]

1. c4 g6 2. d4 Nf6 3. Nc3 d5 4. cxd5 Nxd5 5. e4 Nxc3 6. bxc3 Bg7 7. f4 c5 8. e5
cxd4 9. Bb5+ Bd7 10. Bxd7+ Qxd7 11. cxd4 Nc6 12. Nf3 O-O 13. O-O Rfd8 14. Be3
Nb4 15. Qb3 Nd5 16. Rad1 Rac8 17. Rd3 Bh6 18. Ng5 e6 19. Ne4 Bg7 20. Nc5 Qe7
21. Qxb7 Rc7 22. Qb3 Nxe3 23. Rxe3 Rxd4 24. Ne4 Rb7 25. Qc3 Rdb4 26. Nd6 Rb8
27. Re4 Qxd6 28. exd6 Bxc3 29. Rxb4 Rxb4 30. Rc1 Bd4+ 31. Kf1 Bb6 32. g3 Rd4
33. Rc6 Kg7 34. Ke2 Kf6 35. Kf3 e5 36. d7+ Ke7 37. fxe5 Rxd7 38. h4 Rd5 39. Kf4
Rc5 40. Rxc5 Bxc5 41. h5 Ba3 42. g4 Bc1+ 43. Ke4 Ke6 44. a4 a5 45. Kd4 Bb2+ 0-1

[Event "Grenzturnering 2016-2017"]
[Site "Ribe"]
[Date "2016.11.08"]
[Round "2"]
[White "Jensen, Jacob"]
[Black "Lindgaard, Tobias Simon"]
[Result "1/2-1/2"]
[WhiteElo "1842"]
[BlackElo "1462"]
[PlyCount "46"]
[EventDate "2016.??.??"]

1. e4 d6 2. f4 Nf6 3. Bd3 e5 4. Nf3 Nbd7 5. c3 Be7 6. Bc2 O-O 7. d3 h6 8. Nbd2
Ng4 9. Nf1 exf4 10. Bxf4 f5 11. Nd4 Nde5 12. Bxe5 dxe5 13. Bb3+ Kh8 14. Ne6
Bxe6 15. Bxe6 Bc5 16. d4 exd4 17. exf5 Qg5 18. cxd4 Rad8 19. Qc1 Bb4+ 20. Ke2
Qh5 21. Ng3 Qe8 22. Qf4 Qxe6+ 23. Kf3 Qd5+ 1/2-1/2

[Event "Grenzturnering 2016-2017"]
[Site "Oster Hojst"]
[Date "2016.11.29"]
[Round "3"]
[White "Jensen, Jens Peter"]
[Black "Palm, Eivind"]
[Result "0-1"]
[WhiteElo "1325"]
[BlackElo "1787"]
[PlyCount "78"]
[EventDate "2016.??.??"]

1. e4 c5 2. d3 g6 3. Bd2 Bg7 4. Bc3 Nf6 5. h3 d6 6. Ne2 O-O 7. Nf4 b5 8. Be2 b4
9. Bd2 Bb7 10. c3 a5 11. O-O e5 12. Nd5 Nxd5 13. exd5 Bxd5 14. Bf3 Bxf3 15.
Qxf3 Ra7 16. a3 b3 17. Qd5 a4 18. f4 Na6 19. f5 Nc7 20. Qe4 d5 21. Qf3 Ne8 22.
fxg6 fxg6 23. Qd1 Rxf1+ 24. Qxf1 Rf7 25. Qe2 Nd6 26. Be1 e4 27. Nd2 Qe8 28.
dxe4 Nxe4 29. Rd1 Re7 30. Qd3 Nf6 31. Bh4 c4 32. Nxc4 dxc4 33. Qxc4+ Kh8 34.
Rf1 Rf7 35. Re1 Re7 36. Rxe7 Qxe7 37. Qxa4 Qe4 38. Qxe4 Nxe4 39. Be1 Nxc3 0-1

[Event "Grenzturnering 2016-2017"]
[Site "Oster Hojst"]
[Date "2016.11.29"]
[Round "3"]
[White "Soerensen, Helge"]
[Black "Heinemann, Guido"]
[Result "1/2-1/2"]
[WhiteElo "1670"]
[BlackElo "1817"]
[PlyCount "55"]
[EventDate "2016.??.??"]

1. e4 e5 2. Bc4 Nf6 3. d4 exd4 4. Nf3 Bb4+ 5. Bd2 Bxd2+ 6. Qxd2 O-O 7. Qxd4 Nc6
8. Qe3 d5 9. Bb3 dxe4 10. Nfd2 Qd4 11. O-O Bf5 12. Re1 Rad8 13. Nc4 b5 14. Qxd4
Nxd4 15. Ne3 Bg6 16. Nc3 c5 17. a4 c4 18. Ba2 b4 19. Nb5 Nxc2 20. Nxc2 b3 21.
Ne3 bxa2 22. Rxa2 Nd5 23. Nxa7 Nxe3 24. fxe3 Rd2 25. Nb5 f5 26. a5 Rb8 27. a6
Rd7 28. a7 1/2-1/2

[Event "Grenzturnering 2016-2017"]
[Site "Flensburg"]
[Date "2017.02.14"]
[Round "3"]
[White "Lindgaard, Tobias Simon"]
[Black "Millgramm, Stephan"]
[Result "1-0"]
[WhiteElo "1462"]
[BlackElo "1800"]
[PlyCount "127"]
[EventDate "2016.??.??"]

1. d4 Nf6 2. c4 e6 3. Nc3 Bb4 4. e3 Ne4 5. Qc2 Nxc3 6. bxc3 Be7 7. e4 c5 8. Nf3
b6 9. Bd3 Bb7 10. Bf4 d6 11. Rd1 Nd7 12. Qe2 Qc7 13. O-O O-O-O 14. a4 a5 15.
Rb1 e5 16. Be3 h6 17. Nd2 g5 18. Rb2 Kb8 19. Rfb1 Ka7 20. Qd1 Rb8 21. Be2 h5
22. Bxh5 Ba8 23. Bxf7 Bf6 24. Nf1 Bxe4 25. dxc5 Nxc5 26. Bd5 Bxb1 27. Qxb1 Nxa4
28. Ra2 Nc5 29. Nd2 Qh7 30. h3 Qxb1+ 31. Nxb1 Rbd8 32. Na3 e4 33. Kf1 Kb8 34.
Nb5 Rhe8 35. Nd4 Bxd4 36. Bxd4 Rf8 37. Rb2 Kc7 38. Bg7 Rf4 39. Bh6 Rf5 40. g4
Rf3 41. Bxg5 Rh8 42. h4 Rxc3 43. Bf6 Rc1+ 44. Kg2 Rf8 45. g5 Nd3 46. Rd2 Nf4+
47. Kh2 Nxd5 48. cxd5 Kd7 49. h5 Rcc8 50. Kg3 Rxf6 51. gxf6 Rf8 52. Kg4 Rxf6
53. Kg5 Rf3 54. Kg4 e3 55. fxe3 Rxe3 56. h6 a4 57. h7 Re8 58. Kg5 Kc7 59. Re2
Rh8 60. Re7+ Kc8 61. Rg7 Rxh7 62. Rxh7 b5 63. Ra7 Kb8 64. Ra5 1-0

[Event "Grenzturnering 2016-2017"]
[Site "Oster Hojst"]
[Date "2016.11.29"]
[Round "3"]
[White "Lauritzen, Vagn"]
[Black "Falsig, Niels"]
[Result "1/2-1/2"]
[WhiteElo "1536"]
[BlackElo "1705"]
[PlyCount "40"]
[EventDate "2016.??.??"]

1. e4 c5 2. Nf3 Nc6 3. d4 cxd4 4. Nxd4 e5 5. Nf3 h6 6. c4 Nf6 7. Nc3 Bb4 8. Bd2
d6 9. Qc2 Bg4 10. Be2 a5 11. O-O O-O 12. a3 Bc5 13. h3 Bxf3 14. Bxf3 Nd4 15.
Qd1 Qd7 16. b3 Nxf3+ 17. Qxf3 Bd4 18. Rad1 Bxc3 19. Bxc3 Qe6 20. Rd3 Rfd8
1/2-1/2

[Event "Grenzturnering 2016-2017"]
[Site "Oster Hojst"]
[Date "2016.02.21"]
[Round "3"]
[White "Jensen, Scot Wolfgang"]
[Black "Jensen, Jacob"]
[Result "0-1"]
[WhiteElo "1578"]
[BlackElo "1842"]
[PlyCount "82"]
[EventDate "2016.??.??"]

1. e4 c5 2. Nf3 Nf6 3. Nc3 d5 4. e5 d4 5. Bb5+ Bd7 6. exf6 dxc3 7. Bxd7+ Qxd7
8. fxg7 cxd2+ 9. Bxd2 Bxg7 10. c3 O-O 11. O-O Nc6 12. Re1 Rad8 13. Qc2 Ne5 14.
Ng5 Nd3 15. Re3 h6 16. Nf3 c4 17. Re4 Qd5 18. Rh4 Rd6 19. Rg4 f5 20. Rg3 f4 21.
Rg4 Qf5 22. h3 Kh8 23. Qa4 Qc5 24. Rf1 Nxb2 25. Qc2 Nd3 26. Qa4 e5 27. Nh4 Kh7
28. Qd1 e4 29. Qe2 Qe5 30. Rb1 b5 31. Bc1 h5 32. Rxg7+ Kxg7 33. Ba3 b4 34. cxb4
Rc8 35. b5 Rb6 36. Kf1 c3 37. Qc2 Rxb5 38. Rb3 Rxb3 39. Qxb3 c2 40. Qb7+ Rc7
41. Nf5+ Kf6 0-1

[Event "Grenzturnering 2016-2017"]
[Site "Oster Hojst"]
[Date "2016.11.29"]
[Round "3"]
[White "Martens, Holger"]
[Black "Kristensen, Karl Martin"]
[Result "1-0"]
[WhiteElo "1817"]
[BlackElo "1108"]
[PlyCount "27"]
[EventDate "2016.??.??"]

1. e4 e5 2. Nf3 Nc6 3. Bc4 Bc5 4. O-O Nf6 5. d3 O-O 6. Bg5 d6 7. Nc3 Be6 8. Nd5
h6 9. Nxf6+ gxf6 10. Bxh6 Bxc4 11. dxc4 Nd4 12. Nxd4 Bxd4 13. Qg4+ Kh7 14. Qg7#
1-0

[Event "Grenzturnering 2016-2017"]
[Site "Oster Hojst"]
[Date "2016.12.20"]
[Round "4"]
[White "Palm, Eivind"]
[Black "Madsen, Nis H"]
[Result "1-0"]
[WhiteElo "1787"]
[BlackElo "1500"]
[PlyCount "125"]
[EventDate "2016.??.??"]

1. Nf3 Nf6 2. c4 c5 3. Nc3 Nc6 4. g3 g6 5. Bg2 Bg7 6. O-O O-O 7. d4 cxd4 8.
Nxd4 Qb6 9. e3 e6 10. Ndb5 Ne8 11. Na4 Qd8 12. e4 Ne5 13. c5 a6 14. Nd6 Nxd6
15. Qxd6 Nc4 16. Qd3 Ne5 17. Qc2 Qc7 18. Rd1 Rd8 19. Bg5 f6 20. Bf4 d6 21. Bxe5
fxe5 22. b4 d5 23. exd5 e4 24. Rab1 exd5 25. Nb6 Rb8 26. Rxd5 Rxd5 27. Nxd5 Qe5
28. Qxe4 Qxe4 29. Bxe4 Be6 30. a4 Rd8 31. Rd1 Kf8 32. Kf1 Bb2 33. Rd3 Re8 34.
f3 Rd8 35. Ke2 Rd7 36. Nf4 Bc4 37. Kd2 Bxd3 38. Nxd3 Bd4 39. Kc2 Be3 40. g4 Bd4
41. h3 Ke7 42. Kb3 Rc7 43. Nf4 Rd7 44. Nd5+ Kd8 45. Kc4 Ba1 46. b5 axb5+ 47.
axb5 Be5 48. c6 bxc6 49. bxc6 Ra7 50. Kc5 Rg7 51. f4 Bc7 52. f5 gxf5 53. Bxf5
h6 54. h4 Bb8 55. h5 Bc7 56. Bg6 Kc8 57. Kd4 Bb8 58. Ke4 Bd6 59. Kf5 Bc7 60. g5
hxg5 61. Kxg5 Bd8+ 62. Kf5 Rc7 63. Nxc7 1-0

[Event "Grenzturnering 2016-2017"]
[Site "Flensburg"]
[Date "2016.12.20"]
[Round "4"]
[White "Heinemann, Guido"]
[Black "Langner, Michel"]
[Result "1-0"]
[WhiteElo "1817"]
[BlackElo "1846"]
[PlyCount "93"]
[EventDate "2016.??.??"]

1. e4 c6 2. b3 d5 3. e5 Bf5 4. d4 e6 5. Bd3 g6 6. Bxf5 gxf5 7. Nh3 h5 8. Bg5
Be7 9. Bxe7 Qxe7 10. c3 Nd7 11. Nd2 Qh4 12. Qf3 Qg4 13. Qxg4 hxg4 14. Nf4 Ne7
15. O-O-O Ng6 16. Nxg6 fxg6 17. f3 gxf3 18. Nxf3 a5 19. Rdg1 Ke7 20. h4 b5 21.
g4 Rag8 22. h5 gxh5 23. gxf5 exf5 24. Rxg8 Rxg8 25. Rxh5 f4 26. Ng5 Nf8 27. Kd2
Rg7 28. Ke2 b4 29. cxb4 axb4 30. Kf3 c5 31. Kxf4 c4 32. bxc4 dxc4 33. Ne4 Rg2
34. d5 c3 35. d6+ Ke6 36. Rh6+ Kd5 37. d7 Nxd7 38. Rd6+ Kc4 39. Rxd7 Rxa2 40.
e6 c2 41. Rc7+ Kd3 42. e7 Ra8 43. Nc5+ Ke2 44. Nb7 Re8 45. Rxc2+ Kd3 46. Rc7 b3
47. Nc5+ 1-0

[Event "Grenzturnering 2016-2017"]
[Site "Oster Hojst"]
[Date "2016.12.20"]
[Round "4"]
[White "Jensen, Scot Wolfgang"]
[Black "Jensen, Jens Peter"]
[Result "1-0"]
[WhiteElo "1578"]
[BlackElo "1325"]
[PlyCount "117"]
[EventDate "2016.??.??"]

1. e4 e5 2. Bc4 d6 3. c3 Nd7 4. d3 Nb6 5. Bb3 Be7 6. a4 Nf6 7. a5 Nbd7 8. Nh3
Nc5 9. Bc2 Bg4 10. f3 Bxh3 11. gxh3 Qd7 12. h4 Qh3 13. Bg5 h6 14. Bxf6 Bxf6 15.
Qe2 Bxh4+ 16. Kd1 Ne6 17. Qf1 Nf4 18. Nd2 Ng2 19. Ba4+ c6 20. Qe2 Bg5 21. Kc2
Ne3+ 22. Kb3 O-O 23. Ka2 d5 24. Rhg1 Bf4 25. Nf1 Nxf1 26. Rgxf1 d4 27. Rg1 h5
28. Bb3 b6 29. Rg6 Kh7 30. Rxc6 Rac8 31. Rxc8 Qxc8 32. c4 Qa6 33. Qe1 bxa5 34.
Qh4 Kg8 35. Qxh5 a4 36. Bc2 g6 37. Qg4 Rb8 38. Qd7 Qb6 39. Rb1 Rb7 40. Qxa4
Bxh2 41. b3 Bf4 42. Qe8+ Kg7 43. b4 Rb8 44. Qa4 a6 45. Qa5 Qf6 46. Qc7 Rd8 47.
Bb3 Bd2 48. Bd1 Qd6 49. Qxd6 Rxd6 50. Ka3 Bc3 51. c5 Rc6 52. Ka4 Rc8 53. Bb3
Rb8 54. Bd5 f5 55. Ka5 Kf6 56. Kxa6 Ke7 57. b5 fxe4 58. fxe4 g5 59. b6 1-0

[Event "Grenzturnering 2016-2017"]
[Site "Oster Hojst"]
[Date "2016.12.20"]
[Round "4"]
[White "Kristensen, Karl Martin"]
[Black "Lauritzen, Vagn"]
[Result "1-0"]
[WhiteElo "1108"]
[BlackElo "1536"]
[PlyCount "81"]
[EventDate "2016.??.??"]

1. c4 Nf6 2. Nc3 g6 3. d4 Bg7 4. e4 d6 5. f4 b6 6. e5 dxe5 7. fxe5 Nfd7 8. Qf3
c6 9. Bf4 Bb7 10. Qd3 e6 11. Ne4 O-O 12. Nd6 Qc7 13. Be2 c5 14. Bf3 cxd4 15.
Qxd4 Nc6 16. Bxc6 Bxc6 17. Nf3 Bxf3 18. gxf3 Rad8 19. O-O-O Qc6 20. Rhf1 Nc5
21. Qe3 Na6 22. b3 Nb4 23. Kb1 Rd7 24. a3 Na6 25. Ka2 Rfd8 26. Bh6 Bxh6 27.
Qxh6 b5 28. Qc1 b4 29. a4 Nc5 30. Qc2 f6 31. f4 f5 32. h4 Rb8 33. Qe2 Nxa4 34.
bxa4 Qxa4+ 35. Kb1 b3 36. Qb2 Qb4 37. Rg1 a5 38. h5 Kg7 39. Nxf5+ exf5 40.
Rxd7+ Kh6 41. e6 1-0

[Event "Grenzturnering 2016-2017"]
[Site "Flensburg"]
[Date "2017.02.28"]
[Round "4"]
[White "Jensen, Jacob"]
[Black "Millgramm, Stephan"]
[Result "1-0"]
[WhiteElo "1842"]
[BlackElo "1800"]
[PlyCount "97"]
[EventDate "2016.??.??"]

1. e4 e6 2. d4 d5 3. e5 c5 4. c3 Nc6 5. Nf3 Qb6 6. Be2 Nge7 7. dxc5 Qc7 8. Bb5
a6 9. Ba4 Bd7 10. Be3 Nxe5 11. Nxe5 Qxe5 12. Bxd7+ Kxd7 13. O-O Qc7 14. c4 Qc6
15. Nc3 Rd8 16. Qf3 Ke8 17. Rad1 f6 18. Rfe1 dxc4 19. Rxd8+ Kxd8 20. Rd1+ Ke8
21. Ne4 Nf5 22. Qf4 Kf7 23. Rd8 Rg8 24. g4 Nxe3 25. Qxe3 Be7 26. Nd6+ Bxd6 27.
Rxd6 Qc8 28. Qd4 Ke7 29. Qxc4 Rd8 30. Rb6 Rd5 31. b4 Qd7 32. c6 bxc6 33. Rxc6
Rd1+ 34. Kg2 Qd5+ 35. Qxd5 Rxd5 36. Rxa6 Rd4 37. Ra7+ Kd6 38. Rb7 Rxg4+ 39. Kf3
f5 40. a4 e5 41. a5 Kc6 42. a6 Rd4 43. b5+ Kc5 44. a7 Ra4 45. b6 Ra3+ 46. Ke2
Kd4 47. Rb8 Ra2+ 48. Kf1 Ra1+ 49. Kg2 1-0

[Event "Grenzturnering 2016-2017"]
[Site "Flensburg"]
[Date "2017.01.24"]
[Round "5"]
[White "Lindgaard, Tobias Simon"]
[Black "Palm, Eivind"]
[Result "1-0"]
[WhiteElo "1462"]
[BlackElo "1787"]
[PlyCount "69"]
[EventDate "2016.??.??"]

1. d4 e6 2. c4 f5 3. Nf3 Nf6 4. Nc3 Bb4 5. a3 Bxc3+ 6. bxc3 b6 7. d5 O-O 8. Bf4
d6 9. dxe6 Bxe6 10. Qd3 Na6 11. Nd4 Nc5 12. Qc2 Bxc4 13. e3 Bxf1 14. Kxf1 Nfe4
15. h4 g6 16. f3 Nf6 17. Bh6 Re8 18. h5 Qd7 19. hxg6 hxg6 20. g4 Nd5 21. Kf2
Kf7 22. gxf5 gxf5 23. Rag1 Rg8 24. Nxf5 Qa4 25. Nxd6+ cxd6 26. Qh7+ Ke6 27.
Rxg8 Nf6 28. Rg6 Qc2+ 29. Kg3 Qf5 30. Bg7 Ncd7 31. Rh5 Qxh5 32. Qxh5 Rg8 33.
Bxf6 Nxf6 34. Qh3+ Kf7 35. Rxg8 1-0

[Event "Grenzturnering 2016-2017"]
[Site "Flensburg"]
[Date "2017.01.24"]
[Round "5"]
[White "Martens, Holger"]
[Black "Heinemann, Guido"]
[Result "1/2-1/2"]
[WhiteElo "1817"]
[BlackElo "1817"]
[PlyCount "81"]
[EventDate "2016.??.??"]

1. e4 e5 2. Nf3 Nc6 3. Bc4 Nf6 4. Nc3 Be7 5. O-O O-O 6. d4 exd4 7. Nxd4 Ne5 8.
Bb3 d6 9. Re1 c5 10. Nf3 Bg4 11. Bd5 Rb8 12. Bf4 Nxf3+ 13. gxf3 Be6 14. a4 Qb6
15. b3 Nh5 16. Bd2 Bf6 17. Rb1 Be5 18. Ne2 g6 19. Bc3 Bxc3 20. Nxc3 Qd8 21. Ne2
Qg5+ 22. Kh1 Qh4 23. Kg1 Bh3 24. Qd2 g5 25. Bc4 Rbe8 26. Qxd6 g4 27. Nf4 gxf3
28. Nxh5 Qxh5 29. Re3 Re5 30. Bf1 Rg5+ 31. Kh1 Qh4 32. Rxf3 Qxe4 33. Qd3 Qxd3
34. Rxd3 Bf5 35. Rg3 Rxg3 36. fxg3 Bxc2 37. Rb2 Be4+ 38. Kg1 Rd8 39. Bc4 Kg7
40. Re2 Bf5 41. Re5 1/2-1/2

[Event "Grenzturnering 2016-2017"]
[Site "Flensburg"]
[Date "2017.01.24"]
[Round "5"]
[White "Langner, Michel"]
[Black "Falsig, Niels"]
[Result "1/2-1/2"]
[WhiteElo "1846"]
[BlackElo "1705"]
[PlyCount "23"]
[EventDate "2016.??.??"]

1. e4 d5 2. exd5 Nf6 3. Bb5+ Bd7 4. Bxd7+ Qxd7 5. c4 c6 6. dxc6 Nxc6 7. Ne2 Qg4
8. d4 Qxg2 9. Rg1 Qf3 10. Rg3 Qh1+ 11. Rg1 Qf3 12. Rg3 1/2-1/2

[Event "Grenzturnering 2016-2017"]
[Site "Flensburg"]
[Date "2017.01.24"]
[Round "5"]
[White "Lauritzen, Vagn"]
[Black "Soerensen, Helge"]
[Result "1-0"]
[WhiteElo "1536"]
[BlackElo "1670"]
[PlyCount "55"]
[EventDate "2016.??.??"]

1. e4 c5 2. Nf3 e6 3. d4 cxd4 4. Nxd4 a6 5. Nc3 Qc7 6. Bd3 Nf6 7. O-O Bc5 8.
Be3 O-O 9. Na4 Ba7 10. Qd2 b5 11. Nc3 Bb7 12. Ncxb5 axb5 13. Nxb5 Qc6 14. Nxa7
Rxa7 15. Bxa7 Nxe4 16. Bxe4 Qxe4 17. f3 Qg6 18. Rad1 Rc8 19. Qd3 f5 20. Bxb8
Rxb8 21. Qxd7 Bd5 22. b3 h5 23. c4 Ba8 24. Qc7 Rf8 25. Rd8 Qf6 26. Rxf8+ Qxf8
27. Qe5 Qe8 28. Re1 1-0

[Event "Grenzturnering 2016-2017"]
[Site "Flensburg"]
[Date "2017.01.24"]
[Round "5"]
[White "Madsen, Nis H"]
[Black "Jensen, Scot Wolfgang"]
[Result "0-1"]
[WhiteElo "1500"]
[BlackElo "1578"]
[PlyCount "88"]
[EventDate "2016.??.??"]

1. e4 e5 2. Nf3 Nc6 3. Bc4 h6 4. c3 a6 5. d4 exd4 6. cxd4 d6 7. a3 Qf6 8. Be3
Nge7 9. h3 Bd7 10. Nbd2 Ng6 11. b4 Nf4 12. Bxf4 Qxf4 13. d5 Ne5 14. Nxe5 Qxe5
15. O-O Be7 16. f4 Qd4+ 17. Kh1 g5 18. f5 Bf6 19. Rc1 Qb2 20. Rf3 h5 21. Rb3
Qe5 22. Qe1 Qe7 23. Bf1 c6 24. dxc6 Bxc6 25. Nc4 g4 26. Nxd6+ Qxd6 27. e5 Bxe5
28. Re3 f6 29. Rd1 Qc7 30. Qh4 Qg7 31. Rd6 Rh6 32. Re6+ Kf8 33. R6xe5 fxe5 34.
f6 Qg6 35. Rxe5 Qxf6 36. Qxf6+ Rxf6 37. Kg1 gxh3 38. gxh3 Rh6 39. h4 Rd8 40.
Rf5+ Ke7 41. Bc4 Rf8 42. Re5+ Kd6 43. Rg5 Rf4 44. a4 Rg4+ 0-1

[Event "Grenzturnering 2016-2017"]
[Site "Flensburg"]
[Date "2017.01.24"]
[Round "5"]
[White "Jensen, Jens Peter"]
[Black "Jensen, Jacob"]
[Result "1/2-1/2"]
[WhiteElo "1325"]
[BlackElo "1842"]
[PlyCount "38"]
[EventDate "2016.??.??"]

1. e4 c6 2. Nf3 d5 3. exd5 cxd5 4. Be2 Nf6 5. Nc3 Bf5 6. Bb5+ Nc6 7. O-O e6 8.
Re1 Bd6 9. Nd4 O-O 10. Nxc6 bxc6 11. Bxc6 Rc8 12. Ba4 Bxh2+ 13. Kxh2 Ng4+ 14.
Kg1 Qh4 15. Qf3 Qh2+ 16. Kf1 Qh5 17. Kg1 Qh2+ 18. Kf1 Qh5 19. Kg1 Qh2+ 1/2-1/2